000 00336nam a2200145Ia 4500
008 210210b1929 xxu||||| |||| 00| 0 eng d
041 _aeng
082 _a821/936
100 _aPINERO (A W)
245 _aAmazons
260 _aLondon
_bWilliam Heinemann Ltd.
_c1929
650 _aAmazons
690 _aEnglish Drama
906 _a012102
999 _c130853
_d130853